000 00518nam a2200181Ia 4500
001 3638
005 20260306145658.0
008 260306t2009||||xx |||||||||||||| ||spa||
041 _aESP
082 _a301
_bD45
100 _aDegregori, Carlos Iván
_eAUT
245 0 _aAntropología y antropólogos en el Perú:
_bla comunidad académica de ciencias sociales bajo la modernización neoliberal
260 _c2009
300 _a178 páginas :
_c20 cm.
650 _aGEN
654 _aCHU
942 _cLIB
_dJUS
_fJUS
_2ddc
_n
999 _c3638
_d3638